Quan điểm của Toà án Công lý Liên minh Châu Âu đối với tính hợp pháp của các liên kết website /

Guardat en:
Dades bibliogràfiques
Autor principal: Võ Trung Hậu.
Format: Article
Idioma:Vietnamese
Matèries:
Etiquetes: Afegir etiqueta
Sense etiquetes, Sigues el primer a etiquetar aquest registre!
Thư viện lưu trữ: Thư viện Trường Đại học Đà Lạt
LEADER 00951nam a2200289 4500
001 DLU210196695
005 ##20210702
040 # # |a DLU  |b vie 
041 # # |a vie 
044 # # |a vn 
100 # # |a Võ Trung Hậu. 
245 # # |a Quan điểm của Toà án Công lý Liên minh Châu Âu đối với tính hợp pháp của các liên kết website /  |c Võ Trung Hậu. 
653 # # |a CJEU 
653 # # |a Liên kết website 
653 # # |a Sở hữu trí tuệ 
653 # # |a Toà án Công lý Liên minh Châu Âu 
773 # # |t Nghiên cứu Châu Âu  |g Số 12(231), 2019, tr. 33-43 
920 # # |a Phòng Tạp chí -- Trung tâm Thông tin - Thư viện Trường Đại học Đà Lạt 
933 # # |a XH 
994 # # |a DLU 
900 # # |a True 
911 # # |a Hoàng Thị Huyền 
925 # # |a G 
926 # # |a A 
927 # # |a BB 
980 # # |a Thư viện Trường Đại học Đà Lạt